| 000 | 00419nam a22001457a 4500 | ||
|---|---|---|---|
| 005 | 20150209145031.0 | ||
| 008 | 150209b xxu||||| |||| 00| 0 eng d | ||
| 040 | _adpl | ||
| 245 | _aVicharasethu | ||
| 260 |
_aKerala _bNarayanashrama Tapovanam |
||
| 300 |
_avol _c21cm |
||
| 310 | _aMonthly | ||
| 270 |
_aVenginissery,P.O.Paralam,Thrissur, _bKerala _k0487-2277963 _mashram1@gmail.com _dIndia _e680563 |
||
| 942 |
_2ddc _cSR _s1 |
||
| 999 |
_c91316 _d91316 |
||